header

Competition law compliance 2008 (Record no. 11606)

MARC details
000 -LEADER
fixed length control field 01096nam a2200289Ia 4500
100 1# - MAIN ENTRY--AUTHOR NAME
Personal name Singleton, Susan.
245 10 - TITLE STATEMENT
Title Competition law compliance 2008
260 ## - PUBLICATION, DISTRIBUTION, ETC. (IMPRINT)
Place of publication London :
Name of publisher Thorogood,
Year of publication 2008.
300 ## - PHYSICAL DESCRIPTION
Number of Pages x,115 p.
500 ## - GENERAL NOTE
General note "A Thorogood special briefing."
650 #0 - SUBJECT ADDED ENTRY--TOPICAL TERM
Topical Term Restraint of trade
Topical Term Exclusive contracts
856 40 - ELECTRONIC LOCATION AND ACCESS
Uniform Resource Identifier http://site.ebrary.com/lib/rucke/Doc?id=10263872

No items available.

© 2026 Rongo University
Contact us: librarian | system librarian | Rongo university